| 000 | 00538nam a2200193 u 4500 | ||
|---|---|---|---|
| 005 | 20230209063829.0 | ||
| 008 | 091014s2008 r 000 0 eng d | ||
| 020 | _a9789870007678 | ||
| 035 | _aUPN01000173145 | ||
| 049 | _aCG | ||
| 050 | 4 |
_aBJ1533 S3 _bG6.6 |
|
| 100 | 1 |
_aGoldberg, Beatriz _930945 |
|
| 245 | 1 | 0 |
_aNo estoy conforme con mi cuerpo : _b¿qué hago? / _cBeatriz Goldberg. |
| 260 |
_aBuenos Aires : _bLumen, _c2008 |
||
| 300 | _a204 p. | ||
| 650 | 4 |
_aAutoestima _92906 |
|
| 650 | 2 |
_aAutopercepción _93822 |
|
| 905 | _aLibro | ||
| 999 |
_c145249 _d145249 |
||